000 00564nam a2200217Ia 4500
003 OSt
005 20230626110231.0
008 210423s9999 xx 000 0 und d
020 _a9780198079989
040 _cAL
041 _aeng
082 _a823
_223
_bJOSS
100 _aJOSEPH (Sarah)
_994343
245 _aOthappu: scent of the other side
260 _bOxford University Press
_aNew Delhi
_c2013
300 _axxxi,286
_bPB
365 _b275
_cINR
650 _aEnglish Fiction
_994344
906 _aOthappu: ; other ; scent ; side
942 _2ddc
_cBK
999 _c161233
_d161233